000 00688nam a2200241Ia 4500
003 OSt
005 20220925222753.0
006 a|||||r|||| 00| 0
007 ta
008 220923b |||||||| |||| 00| 0 eng d
020 _a0853741492
037 _cGeneral Book
040 _aRTL
_cRTL
_beng
041 _2eng
_aeng
082 _aX9:93-8.3.N7, L6
100 _aDaniel W W
_9136275
245 0 _aWage determnation in industry
260 _aLondon
_bPolitical and Economic Planning UK
_c1976
300 _axi,132p. Appendix p. 124-32
_ccm.
650 _aIndustrial Economics
942 _hX9:93-8.3.N7, L6
_cGB
_2CC
999 _c577731
_d577731